000 00691nam a22001937a 4500
999 _c182023
_d182023
005 20211020124612.0
010 _aUR-11287
020 _c300.00
_a-
035 _aU-9842
037 _bDBAD/PUB
082 _a270
100 _aنعمت اللہ الا عظمی
245 _aر و ا يا ت ا لصعيتہ ا لصا د قہ
_cنعمت اللہ الا عظمی
246 _aRiwaiyat Alsahifat Alsadiqa (Urdu)
_bby Nematullah Al Aazmi
260 _aUttar Pardesh
_c2021 ء
_bShaikh Ul Hind Academy
270 _aShaikh Ul Hind AcademyDarul Uloom Deoband,
_bDistt.Saharanpur (U.P.)
_e247554
_l -
300 _a277 ص
_c22 Cm(Hb)
942 _2ddc
_cUR
_h270
_m ن ع م